000 00481nam a22001937a 4500
003 LK-CoDNM
005 20250206112146.0
008 250131b |||||||| |||| 00| 0 eng d
040 _aLK-CoDNM
_dLK-CoDNM
_eLK-CoDNM
041 _aeng
080 _a148
100 _aMCDONGH,JER
245 _aSALVARSAN IN SYPHILIS AND ALLIED DISEASES
250 _afifth
260 _alondon
_bOxford universitry press
_c1912
300 _a164p. ; 25 cm
650 _ascience
942 _cBK
999 _c237931
_d237931